Report of the committee on commodities (Record no. 638380)

MARC details
000 -LEADER
fixed length control field 00715nam a2200229Ia 4500
003 - CONTROL NUMBER IDENTIFIER
control field OSt
005 - DATE AND TIME OF LATEST TRANSACTION
control field 20220926022048.0
008 - FIXED-LENGTH DATA ELEMENTS--GENERAL INFORMATION
fixed length control field 220923b |||||||| |||| 00| 0 eng d
037 ## - SOURCE OF ACQUISITION
Terms of availability General Book
040 ## - CATALOGING SOURCE
Original cataloging agency RTL
Transcribing agency RTL
Language of cataloging eng
041 ## - LANGUAGE CODE
Source of code eng
Language code of text/sound track or separate title eng
111 ## - MAIN ENTRY--MEETING NAME
Meeting name or jurisdiction name as entry element UNITED NATIONS CONFERENCE ON TRADE AND DEVELOPMENT
9 (RLIN) 302721
245 #0 - TITLE STATEMENT
Title Report of the committee on commodities
Remainder of title 12th session (2-17 Feb 1987)
260 ## - PUBLICATION, DISTRIBUTION, ETC.
Place of publication, distribution, etc. New York
Name of publisher, distributor, etc. United Nations
Date of publication, distribution, etc. 1988
300 ## - PHYSICAL DESCRIPTION
Extent iv; 39p.
Dimensions cm.
490 ## - SERIES STATEMENT
Series statement Supplement No. 8
942 ## - ADDED ENTRY ELEMENTS (KOHA)
Classification part V1N45,93:3.N87r, M7-8/UN
Koha item type General Books
Source of classification or shelving scheme Colon Classification (CC)
Holdings
Withdrawn status Lost status Damaged status Not for loan Home library Current library Date acquired Total Checkouts Full call number Barcode Date last seen Price effective from Koha item type
        Ratan Tata Library Ratan Tata Library 2022-09-26   V1N45,93:3.N87r M7-8/UN RT1412410 2022-09-26 2022-09-26 General Books
Copyright @ Delhi University Library System